Abu Muslim Kharasani: (Record no. 587685)
[ view plain ]
| 000 -LEADER | |
|---|---|
| fixed length control field | 00390nam a22001337a 4500 |
| 020 ## - INTERNATIONAL STANDARD BOOK NUMBER | |
| International Standard Book Number | 0000000518413 |
| 040 ## - CATALOGING SOURCE | |
| Transcribing agency | NUST |
| 082 ## - DEWEY DECIMAL CLASSIFICATION NUMBER | |
| Classification number | 891.4393 IQB |
| 100 ## - MAIN ENTRY--PERSONAL NAME | |
| Personal name | Iqbal, H |
| 9 (RLIN) | 88593 |
| 245 ## - TITLE STATEMENT | |
| Title | Abu Muslim Kharasani: |
| Remainder of title | Jis Kay Lashkar Nay Saltanat E Umaiyya Ki Eent Se Eent Baja Di |
| 260 ## - PUBLICATION, DISTRIBUTION, ETC. | |
| Place of publication, distribution, etc. | LAHORE: |
| Name of publisher, distributor, etc. | Al Hamd Publication, |
| Date of publication, distribution, etc. | 2015. |
| 650 ## - SUBJECT ADDED ENTRY--TOPICAL TERM | |
| Topical term or geographic name entry element | Urdu Adab-Novel |
| 9 (RLIN) | 90473 |
| 942 ## - ADDED ENTRY ELEMENTS (KOHA) | |
| Source of classification or shelving scheme | |
| Koha item type | Book |
| Withdrawn status | Lost status | Source of classification or shelving scheme | Damaged status | Not for loan | Permanent Location | Current Location | Shelving location | Date acquired | Shelving control number | Full call number | Barcode | Date last seen | Price effective from | Koha item type | Public note |
|---|---|---|---|---|---|---|---|---|---|---|---|---|---|---|---|
| College of Electrical & Mechanical Engineering (CEME) | College of Electrical & Mechanical Engineering (CEME) | Fiction | 01/21/2022 | Urdu Literature | 891.4393 IQB (KIDS SEC) | CEME-50617 | 01/21/2022 | 01/21/2022 | Book | 1.0 |
